00535nam a22001817a 450000500170000001000130001702000220003003500130005203700160006504000120008108200170009310000190011024500720012926000680020127000250026930000210029465000380031520170124110246.0 aB-108019 c50.00a8170586259 aB-108019 bCen Lib/Ret aDPLbEN a181.499bAUR aAurobindo, Sri aThe aims and ideals of the Sri Aurobindo Ashram /cby Sri Aurobindo bSri Aurobindo Ashram Publication DepartmentaPondicherry c2004 bPondicherry e605002 a93p. c18cm(pbk) aSri Aurobindo -- aims and ideals